00242nam a2200109Ia 4500008004100000100001400041245002000055260001900075260000900094546001200103999001700115170619s9999 xx 000 0 und d aKalsi P S 0aSteriochemistry bNew Delhi: MGH c2002 aENGLISH c16578d16578